00702nam a22001937a 450000700030000000800410000302000180004404000140006204100090007610000180008524501280010326000300023130000210026144000660028252100700034863000240041865000380044270000280048000160617b xxu||||| |||| 00| 0 eng d a2-7462-1396-6 aBUACcBUC aFre. aTabbane, Sami aPratique de l'ingénierie des réseaux cellulaires : bdu CSM/GPRS à L'UMTSc/ par Sami Tabbane, Mohamed Tahar Missaoui aParis :bLavoisier,c2006 a260 p. ;c23 cm. a(Collection Réseaux et Télécoms / dir. par Guy Pujolle) aAnnexe. Tables d' Erlang B. pp. (251 -257) Index : pp. (259 -260) aSCIENCES APPLIQUEES 2Télécommunication : technique aMissaoui, Mohamed Tahar